00373nam a2200133Ia 4500008004100000020001300041041001200054082001600066100002600082245006800108260004700176300000800223650000800231221030s9999 xx 000 0 und d a0013516X aEnglish a105.23bEle aElectronics Directory 0aEelctronics for You Annual guide 2005cby Electronics Directory bEFY Enterprises Pvt. Ltd.aNew Delhic2005 a442 aECE